NBA Finals Winners and Losers - Statistics

General Stats
  • This quiz has been taken 152 times
    115 since last reset
  • The average score is 133 of 215
Answer Stats
Hint Answer % Correct
2024 Boston Celtics
88%
2016 Cleveland Cavaliers
88%
2015 Cleveland Cavaliers
86%
2018 Cleveland Cavaliers
86%
2023 Denver Nuggets
86%
2017 Golden State Warriors
86%
2018 Golden State Warriors
86%
2022 Golden State Warriors
86%
2010 Los Angeles Lakers
86%
2020 Los Angeles Lakers
86%
2025 Oklahoma City Thunder
86%
2014 San Antonio Spurs
86%
2019 Toronto Raptors
86%
2022 Boston Celtics
84%
2017 Cleveland Cavaliers
84%
2011 Dallas Mavericks
84%
2015 Golden State Warriors
84%
2016 Golden State Warriors
84%
2019 Golden State Warriors
84%
2025 Indiana Pacers
84%
2012 Miami Heat
84%
2013 Miami Heat
84%
2021 Milwaukee Bucks
84%
2008 Boston Celtics
82%
2004 Detroit Pistons
82%
2002 Los Angeles Lakers
82%
2009 Los Angeles Lakers
82%
2020 Miami Heat
82%
2023 Miami Heat
82%
2021 Phoenix Suns
82%
2005 San Antonio Spurs
82%
2013 San Antonio Spurs
82%
2022 Stephen Curry
82%
2010 Boston Celtics
80%
2024 Dallas Mavericks
80%
2024 Jaylen Brown
80%
2016 LeBron James
80%
2020 LeBron James
80%
2000 Los Angeles Lakers
80%
2001 Los Angeles Lakers
80%
2006 Miami Heat
80%
2011 Miami Heat
80%
2014 Miami Heat
80%
2003 San Antonio Spurs
80%
2007 San Antonio Spurs
80%
2025 Shai Gilgeous-Alexander
80%
1997 Chicago Bulls
78%
1998 Chicago Bulls
78%
2011 Dirk Nowitzki
78%
2021 Giannis Antetokounmpo
78%
2019 Kawhi Leonard
78%
2010 Kobe Bryant
78%
2013 LeBron James
78%
2023 Nikola Jokic
78%
2002 Shaquille O'Neal
78%
2015 Andre Iguodala
76%
1992 Chicago Bulls
76%
1993 Chicago Bulls
76%
1996 Chicago Bulls
76%
2006 Dwyane Wade
76%
1994 Houston Rockets
76%
1995 Houston Rockets
76%
2014 Kawhi Leonard
76%
2017 Kevin Durant
76%
2018 Kevin Durant
76%
2009 Kobe Bryant
76%
2012 LeBron James
76%
2008 Los Angeles Lakers
76%
1997 Michael Jordan
76%
1998 Michael Jordan
76%
2000 Shaquille O'Neal
76%
2001 Shaquille O'Neal
76%
1998 Utah Jazz
76%
1991 Chicago Bulls
74%
2004 Los Angeles Lakers
74%
1992 Michael Jordan
74%
1993 Michael Jordan
74%
2003 New Jersey Nets
74%
1997 Utah Jazz
74%
2004 Chauncey Billups
72%
1991 Michael Jordan
72%
1996 Michael Jordan
72%
2002 New Jersey Nets
72%
2012 Oklahoma City Thunder
72%
2009 Orlando Magic
72%
2008 Paul Pierce
72%
2001 Philadelphia 76ers
72%
1999 San Antonio Spurs
72%
2003 Tim Duncan
72%
2005 Tim Duncan
72%
2007 Tony Parker
72%
1986 Boston Celtics
68%
1989 Detroit Pistons
68%
1990 Detroit Pistons
68%
1994 Hakeem Olajuwon
68%
1995 Hakeem Olajuwon
68%
2000 Indiana Pacers
68%
1988 Los Angeles Lakers
68%
1991 Los Angeles Lakers
68%
1984 Boston Celtics
66%
2005 Detroit Pistons
66%
1985 Los Angeles Lakers
66%
1987 Los Angeles Lakers
66%
1999 Tim Duncan
66%
1985 Boston Celtics
64%
1987 Boston Celtics
64%
2007 Cleveland Cavaliers
64%
1981 Boston Celtics
62%
2006 Dallas Mavericks
62%
1990 Isiah Thomas
62%
1988 James Worthy
62%
1986 Larry Bird
62%
1989 Los Angeles Lakers
62%
1992 Portland Trail Blazers
62%
1985 Kareem Abdul-Jabbar
60%
1984 Larry Bird
60%
1980 Los Angeles Lakers
60%
1982 Los Angeles Lakers
60%
1984 Los Angeles Lakers
60%
1987 Magic Johnson
60%
1994 New York Knicks
60%
1995 Orlando Magic
60%
1983 Philadelphia 76ers
60%
1976 Boston Celtics
58%
1999 New York Knicks
58%
1996 Seattle SuperSonics
58%
1969 Boston Celtics
56%
1974 Boston Celtics
56%
1988 Detroit Pistons
56%
1982 Magic Johnson
56%
1971 Milwaukee Bucks
56%
1973 New York Knicks
56%
1947 Philadelphia Warriors
56%
1993 Phoenix Suns
56%
1966 Boston Celtics
54%
1989 Joe Dumars
54%
1969 Los Angeles Lakers
54%
1972 Los Angeles Lakers
54%
1980 Magic Johnson
54%
1970 New York Knicks
54%
1959 Boston Celtics
52%
1960 Boston Celtics
52%
1961 Boston Celtics
52%
1962 Boston Celtics
52%
1963 Boston Celtics
52%
1964 Boston Celtics
52%
1965 Boston Celtics
52%
1968 Boston Celtics
52%
1971 Kareem Abdul-Jabbar
52%
1983 Los Angeles Lakers
52%
1977 Portland Trail Blazers
52%
1957 Boston Celtics
50%
1966 Los Angeles Lakers
50%
1949 Minneapolis Lakers
50%
1950 Minneapolis Lakers
50%
1983 Moses Malone
50%
1979 Seattle SuperSonics
50%
1975 Golden State Warriors
48%
1962 Los Angeles Lakers
48%
1963 Los Angeles Lakers
48%
1965 Los Angeles Lakers
48%
1970 Los Angeles Lakers
48%
1973 Los Angeles Lakers
48%
1952 Minneapolis Lakers
48%
1953 Minneapolis Lakers
48%
1954 Minneapolis Lakers
48%
1972 New York Knicks
48%
1990 Portland Trail Blazers
48%
1951 Rochester Royals
48%
1958 St. Louis Hawks
48%
1967 Philadelphia 76ers
46%
1980 Philadelphia 76ers
46%
1956 Philadelphia Warriors
46%
1977 Bill Walton
44%
1986 Houston Rockets
44%
1969 Jerry West
44%
1974 John Havlicek
44%
1959 Minneapolis Lakers
44%
1955 Syracuse Nationals
44%
1978 Washington Bullets
44%
1972 Wilt Chamberlain
44%
1958 Boston Celtics
42%
1982 Philadelphia 76ers
42%
1975 Rick Barry
42%
1970 Willis Reed
42%
1973 Willis Reed
42%
1981 Cedric Maxwell
40%
1967 San Francisco Warriors
38%
1968 San Francisco Warriors
38%
1978 Seattle SuperSonics
38%
1957 St. Louis Hawks
38%
1978 Wes Unseld
38%
1979 Dennis Johnson
36%
1981 Houston Rockets
36%
1976 Jo Jo White
36%
1977 Philadelphia 76ers
36%
1964 San Francisco Warriors
36%
1950 Syracuse Nationals
34%
1979 Washington Bullets
34%
1948 Baltimore Bullets
32%
1971 Baltimore Bullets
32%
1974 Milwaukee Bucks
32%
1948 Philadelphia Warriors
32%
1960 St. Louis Hawks
32%
1954 Syracuse Nationals
32%
1947 Chicago Stags
30%
1961 St. Louis Hawks
30%
1952 New York Knicks
28%
1953 New York Knicks
28%
1975 Washington Bullets
28%
1976 Phoenix Suns
26%
1955 Fort Wayne Pistons
24%
1956 Fort Wayne Pistons
24%
1951 New York Knicks
24%
1949 Washington Capitols
14%
No matching quizzes found
Score Distribution
Percent of People with Each Score
Percentile by Number Answered
Your Score History
You have not taken this quiz since the last reset